|
|
|
|
| LEADER |
00812pam a22002298a 4500 |
| 001 |
00024686 |
| 005 |
20171026081022.0 |
| 008 |
110722s2004 ||||||viesd |
| 041 |
0 |
# |
|a vie
|
| 082 |
1 |
4 |
|a 160
|b L451C
|
| 100 |
0 |
# |
|a Vương Tất Đạt
|
| 245 |
0 |
0 |
|a Lôgic học đại cương
|c Vương Tất Đạt
|
| 260 |
# |
# |
|a H.
|b ĐHSP
|c 2004
|
| 300 |
# |
# |
|a 228tr.
|c 21cm.
|
| 653 |
# |
# |
|a Logic học
|
| 653 |
# |
# |
|a Phán đoán suy luận giả thuyết
|
| 653 |
# |
# |
|a Lôgic hình thức
|
| 852 |
# |
# |
|b Kho giáo trình
|j KGT.0017337, KGT.0017338, KGT.0033914, KGT.0034204
|
| 852 |
# |
# |
|j KGT.0017337
|j KGT.0017338
|j KGT.0033914
|j KGT.0034204
|
| 852 |
# |
# |
|b Kho mượn
|j KGT.0017337
|
| 910 |
|
|
|d 22/07/2011
|
| 980 |
# |
# |
|a Trung tâm Học liệu Lê Vũ Hùng, Trường Đại học Đồng Tháp
|